| 000 | 00725nam a2200217Ia 4500 | ||
|---|---|---|---|
| 001 | 3248 | ||
| 003 | GE_BSU | ||
| 008 | 181216s||||||||xx |||||||||||||| ||und|| | ||
| 040 | _cGE_BSU | ||
| 080 | _a621.873(035.3) | ||
| 100 | _aРоманюха,В.А. Смирнов,И.М. | ||
| 245 | _aСправочник молодого машиниста башенных кранов. | ||
| 245 | _cРед. З.В.Михальчук. | ||
| 250 | _aИзд. 2-е, перераб. и доп. | ||
| 260 | _aМ. | ||
| 260 | _bВысшая школа. | ||
| 260 | _c1974. | ||
| 300 | _a272 стр. 20 см. с илл. | ||
| 653 | _aСправочник молодого машиниста башенных кранов. | ||
| 942 | _cBK | ||
| 999 |
_c37289 _d37289 |
||